00342 a2200133 450000100060000002000180000604000220002410000190004624000490006524500440011430000080015836200090016665000330017566927 a9788555430954 cAnchieta - Pituba aOfoego, Obioma10aGrandes mulheres da história africanalpor10aGrandes mulheres da história africana a1110 a2016 4aHistória geral da África